Γράψε το Πρώτο Γράμμα των Ευρωπαϊκών Χωρών - Ξαφνικός Θάνατος - Statistics

General Stats
  • This quiz has been taken 2 136 times
  • The average score is 13 of 45
Answers on the Map
Answers color-coded by a green-red scale on the quiz's map according to % correct below.
 
Answer Stats
Χώρα % Correct
Λιθουανία
35%
Ιταλία
34%
Ουγγαρία
33%
Πορτογαλία
33%
Ανδόρρα
32%
Γαλλία
32%
Λετονία
32%
Λευκορωσία
32%
Μάλτα
32%
Αλβανία
31%
Ελλάδα
31%
Ιρλανδία
31%
Ουκρανία
31%
Γερμανία
30%
Δανία
30%
Εσθονία
30%
Ισλανδία
30%
Ισπανία
30%
Σλοβακία
30%
Σουηδία
30%
Ηνωμένο Βασίλειο
29%
Κόσοβο
29%
Κροατία
29%
Σερβία
29%
Άγιος Μαρίνος
28%
Βατικανό
28%
Βέλγιο
28%
Βουλγαρία
28%
Ελβετία
28%
Ολλανδία
28%
Ρωσία
28%
Τσεχία
28%
Βοσνία και Ερζεγοβίνη
28%
Λουξεμβούργο
27%
Μολδαβία
27%
Πολωνία
27%
Φινλανδία
27%
Βόρεια Μακεδονία
26%
Μαυροβούνιο
26%
Αυστρία
25%
Νορβηγία
25%
Λιχτενστάιν
24%
Μονακό
24%
Ρουμανία
24%
Σλοβενία
24%
No matching quizzes found
Score Distribution
Percent of People with Each Score
Percentile by Number Answered
Your Score History
You have not taken this quiz